Considerations of noise and performance on a secondary task for the use of compressed speech in a cockpit environment /

Bibliographic Details
Main Author: Crittenden, Lorri June
Format: Thesis eBook
Language:English
Published: [Place of publication not identified] : [publisher not identified] ; 1986.
Subjects:
Online Access:Link to OAKTrust copy

MARC

Tag First Indicator Second Indicator Subfields
LEADER 00000cam a2200000 a 4500
001 in00000012106
005 20220103114402.0
007 cr unu a
008 880404s1986 xx a b 00010 eng d
035 |9 AAA4657AM 
035 |a (OCoLC)17729477 
040 |a TXA  |c TXA  |d UtOrBLW 
049 |a TXAZ [Also in] [Archives]  |c 1 [A10710549], 2 [A10710599] 
099 |a 1986  |a Thesis  |a C935 
100 1 |a Crittenden, Lorri June. 
245 1 0 |a Considerations of noise and performance on a secondary task for the use of compressed speech in a cockpit environment /  |c by Lorri June Crittenden. 
264 1 |a [Place of publication not identified] :  |b [publisher not identified] ;  |c 1986. 
300 |a xi, 81 leaves :  |b illustrations ;  |c 29 cm. 
336 |a text  |b txt  |2 rdacontent 
337 |a computer  |b c  |2 rdamedia 
338 |a online resource  |b cr  |2 rdacarrier 
500 |a "Major subject: Industrial Engineering." 
500 |a Typescript (photocopy). 
500 |a Vita. 
502 |b M.S.  |c Texas A&M University  |d 1986. 
504 |a Bibliography: leaves 52-54. 
530 |a Also available online. 
650 0 |a Airplanes  |x Cockpits. 
650 0 |a Compressed speech. 
650 0 |a Speech perception  |x Testing. 
650 4 |a Major industrial engineering. 
856 4 1 |u https://hdl.handle.net/1969.1/ETD-TAMU-1986-THESIS-C935  |z Link to OAKTrust copy  |t 0 
999 |a MARS 
999 f f |s f4d43c4e-046e-3a7c-b25d-b11d28d51995  |i 2ae56455-bd10-3ed2-80f5-4cf4ba7dd29b  |t 0 
952 f f |p noncirc  |a Texas A&M University  |b J.J. Pickle Campus  |c High Density Repository  |s HDR  |d Remote Storage  |t 0  |e 1986 Thesis C935  |h Other scheme  |i computer -- online resource  |m A14839609587 
952 f f |a Texas A&M University  |b College Station  |c Electronic Resources  |s www_evans  |d Available Online  |t 0  |e 1986 Thesis C935  |h Other scheme 
998 f f |a 1986 Thesis C935  |t 0  |l Available Online 
998 f f |a 1986 Thesis C935  |t 0  |l Remote Storage